Capitals of the Caribbean - Statistics

General Stats
  • This quiz has been taken 15 times
  • The average score is 10 of 13
Answers on the Map
Answers color-coded by a green-red scale on the quiz's map according to % correct below.
 
Answer Stats
Answer % Correct
Havana
92%
Kingston
92%
Kingstown
92%
Port au Prince
92%
Santo Domingo
92%
Bridgetown
83%
Nassau
83%
Port Of Spain
75%
Basseterre
67%
Castries
58%
Roseau
50%
Saint George`s
50%
St Johns
50%
No matching quizzes found
Score Distribution
Percent of People with Each Score
Percentile by Number Answered
Your Score History
You have not taken this quiz